Gra i kraj w którym powstała - Statystyki

Ogólne statystyki
  • Ten quiz został rozwiązany 104 razy
  • Średni wynik to 10 z 12
Statystyki odpowiedzi
Hint Odpowiedź % Poprawnych
Wiedzmin 3 Polska
97%
Cyberpunk 2077 Polska
97%
Dota 2 Stany Zjednoczone
97%
CSGO Stany Zjednoczone
97%
Seria Call of Duty Stany Zjednoczone
97%
League of Legends Stany Zjednoczone
97%
Valorant Stany Zjednoczone
97%
Apex Legends Stany Zjednoczone
97%
Minecraft Szwecja
84%
Watch Dogs 2 Kanada
67%
Metro 2033 Ukraina
42%
War Thunder Węgry
19%
Nie znaleziono quizów pasujących do podanych kryteriów
Rozkład punktacji
Procent ludzi z każdym wynikiem
Percentyl według liczby udzielonych odpowiedzi
Twoja historia wyników
Nie rozwiązałeś tego quizu